| 000 | 00643nam a2200205 i 4500 | ||
|---|---|---|---|
| 001 | 93981 | ||
| 003 | ES-MaACL | ||
| 005 | 20250907063055.0 | ||
| 007 | t| | ||
| 008 | 050426s1972 sp |||| | spa d | ||
| 080 | _a821.134.2-14"19" | ||
| 100 | 1 |
_aLópez Ruiz, José, _d1906- _9162455 |
|
| 245 | 1 | 3 |
_aEl alma y el cuerpo _b: (antología poética) / _cJosé López Ruiz. |
| 260 |
_aMadrid : _bVassallo de Mumbert, _c1972. |
||
| 300 |
_a310 p. ; _c20 cm. |
||
| 490 | 1 | _aBiblioteca literaria "Tomás Borrás" | |
| 830 | 0 |
_aBiblioteca literaria "Tomás Borrás" _9184558 |
|
| 852 |
_aES-MaACL _jC-43586 |
||
| 999 |
_c93981 _d93981 |
||